[Event "Tel Aviv Cup rapid"]
[Site "Tel Aviv ISR"]
[Date "1996.??.??"]
[Round "2"]
[White "Tyomkin, Dimitri"]
[Black "Finkel, Alexander"]
[Result "1/2-1/2"]
[WhiteElo "2340"]
[BlackElo "2500"]
[PlyCount "53"]
[GameId "2129405182784613"]
[EventDate "1996.??.??"]
[EventType "k.o."]
[EventRounds "6"]
[EventCountry "ISR"]
[SourceTitle "EXP 59"]
[Source "ChessBase"]
[SourceDate "1997.09.26"]
[SourceVersion "1"]
[SourceVersionDate "1997.09.26"]
[SourceQuality "1"]

1. d4 d6 2. e4 Nf6 3. Bd3 g6 4. Nf3 Bg7 5. O-O O-O 6. h3 Nc6 7. c3 e5 8. dxe5 dxe5 9. Bg5 h6 10. Be3 Nh5 11. Re1 Qf6 12. Nbd2 Nf4 13. Bf1 g5 14. Nh2 Rd8 15. Qc2 h5 16. f3 Ne7 17. Nc4 Be6 18. Bf2 Rd7 19. Rad1 Rxd1 20. Rxd1 Nc6 21. Ne3 Rd8 22. Bc4 Bc8 23. Rxd8+ Qxd8 24. Qd1 Bf8 25. Qxd8 Nxd8 26. Nf5 Be6 27. Be3 1/2-1/2

[Event "Tel Aviv Cup rapid"]
[Site "Tel Aviv ISR"]
[Date "1996.??.??"]
[Round "2"]
[White "Tyomkin, Dimitri"]
[Black "Finkel, Alexander"]
[Result "0-1"]
[WhiteElo "2340"]
[BlackElo "2500"]
[PlyCount "78"]
[GameId "2129405182784614"]
[EventDate "1996.??.??"]
[EventType "k.o."]
[EventRounds "6"]
[EventCountry "ISR"]
[SourceTitle "EXP 59"]
[Source "ChessBase"]
[SourceDate "1997.09.26"]
[SourceVersion "1"]
[SourceVersionDate "1997.09.26"]
[SourceQuality "1"]

1. d4 d6 2. Nf3 g6 3. c4 Bg7 4. Nc3 Bg4 5. e4 Nc6 6. Be3 e5 7. d5 Nd4 8. Be2 Bxf3 9. Bxf3 Ne7 10. Bxd4 exd4 11. Ne2 c5 12. O-O O-O 13. g3 a6 14. a4 Rb8 15. Nf4 b5 16. axb5 axb5 17. b3 Kh8 18. Nd3 Ng8 19. Ra6 Qe7 20. Qe2 Rfe8 21. Re1 bxc4 22. bxc4 Rb3 23. Bg2 Rc3 24. f4 Nh6 25. e5 dxe5 26. fxe5 Nf5 27. d6 Qf8 28. Rea1 Bh6 29. d7 Rb8 30. Ra8 Rcb3 31. Rxb8 Rxb8 32. e6 Be3+ 33. Kh1 Nxg3+ 34. hxg3 Qh6+ 35. Bh3 Qxh3+ 36. Qh2 Qxe6 37. Nxc5 Qc6+ 38. Qg2 Qxc5 39. Ra8 Qh5+ 0-1

[Event "Antwerp op"]
[Site "Antwerp BEL"]
[Date "1995.??.??"]
[Round "9"]
[White "Giddins, Stephen"]
[Black "Tyomkin, Dimitri"]
[Result "1/2-1/2"]
[WhiteElo "2345"]
[BlackElo "2385"]
[PlyCount "44"]
[GameId "2129405184237419"]
[EventDate "1995.??.??"]
[EventType "swiss"]
[EventRounds "9"]
[EventCountry "BEL"]
[SourceTitle "EXT 95op"]

1. d4 Nf6 2. c4 c5 3. d5 b5 4. cxb5 a6 5. bxa6 g6 6. Nc3 Bxa6 7. Nf3 d6 8. e4 Bxf1 9. Kxf1 Bg7 10. g3 O-O 11. Kg2 Nbd7 12. Re1 Ra6 13. h3 Qa8 14. Bg5 e6 15. Qd2 exd5 16. exd5 Nb6 17. Rad1 c4 18. Bxf6 Bxf6 19. Ne4 Bg7 20. Nxd6 Rxa2 21. Qf4 c3 22. bxc3 Nxd5 1/2-1/2

[Event "Rishon le Zion YM-IM"]
[Site "Rishon le Zion ISR"]
[Date "1995.??.??"]
[Round "4"]
[White "Tyomkin, Dimitri"]
[Black "Stisis, Yaacov"]
[Result "0-1"]
[WhiteElo "2320"]
[BlackElo "2405"]
[PlyCount "134"]
[GameId "2129405187179616"]
[EventDate "1995.??.??"]
[EventType "tourn"]
[EventRounds "11"]
[EventCountry "ISR"]
[SourceTitle "EXT 96ch2"]

1. d4 d5 2. c4 c6 3. Nf3 Nf6 4. e3 Bf5 5. cxd5 cxd5 6. Nc3 e6 7. Ne5 Nfd7 8. g4 Bg6 9. Nxg6 hxg6 10. Bg2 Bd6 11. h3 Nc6 12. O-O f5 13. g5 Qxg5 14. e4 Qh4 15. exd5 Nxd4 16. Be3 e5 17. Bxd4 exd4 18. Nb5 Be5 19. f4 Bxf4 20. Qxd4 Be5 21. Rfe1 Qxd4+ 22. Nxd4 O-O 23. Ne6 Rfc8 24. d6 Rab8 25. Bd5 Kh8 26. Ng5 Bf6 27. Nf7+ Kh7 28. Be6 Rf8 29. Bxd7 Rxf7 30. Be6 Bd4+ 31. Kg2 Rf6 32. d7 Rd8 33. Rac1 Bb6 34. Rc8 Rxe6 35. Rxe6 Rxd7 36. h4 Bd4 37. b3 Bf6 38. Ree8 g5 39. hxg5 Bxg5 40. Re2 Kg6 41. Rec2 Bd8 42. Ra8 a5 43. Kf3 Kf6 44. Rcc8 Bb6 45. Rf8+ Kg5 46. Rae8 Rd2 47. Rf7 Bd4 48. Rxb7 Rf2+ 49. Kg3 f4+ 50. Kh3 Rf3+ 51. Kh2 Kg4 52. Re4 Rf2+ 53. Kg1 Rd2+ 54. Rxd4 Rxd4 55. Rxg7+ Kf3 56. Ra7 Rd1+ 57. Kh2 Rd2+ 58. Kh3 Rd5 59. Kh2 Kf2 60. Kh3 f3 61. Rc7 Ke2 62. Re7+ Kf1 63. Rc7 f2 64. Rf7 Rd3+ 65. Kh2 Re3 66. Rf5 Re8 67. Rxa5 Ke2 0-1

[Event "Chania op"]
[Site "Chania GRE"]
[Date "1994.??.??"]
[Round "4"]
[White "Georgiev, Krum"]
[Black "Tyomkin, Dimitri"]
[Result "1-0"]
[WhiteElo "2465"]
[BlackElo "2310"]
[PlyCount "33"]
[GameId "2129405188581471"]
[EventDate "1994.08.??"]
[EventType "swiss"]
[EventRounds "9"]
[EventCountry "GRE"]
[SourceTitle "EXT 98"]
[Source "ChessBase"]
[SourceDate "1997.11.17"]
[SourceVersion "1"]
[SourceVersionDate "1997.11.17"]
[SourceQuality "1"]

1. e4 d5 2. exd5 Nf6 3. d4 Nxd5 4. c4 Nb6 5. Nf3 Bg4 6. c5 Nd5 7. Qb3 Nc6 8. Qxb7 Ndb4 9. Bb5 Bd7 10. Bxc6 Nxc6 11. O-O Rb8 12. Qa6 Nb4 13. Qa5 Nc2 14. Bf4 Rb5 15. Qa6 Qb8 16. Nc3 Nxa1 17. c6 1-0

[Event "Donner mem op"]
[Site "Amsterdam NED"]
[Date "1994.??.??"]
[Round "5"]
[White "Bosboom, Manuel"]
[Black "Tyomkin, Dimitri"]
[Result "1-0"]
[WhiteElo "2380"]
[BlackElo "2310"]
[PlyCount "57"]
[GameId "2129405188581584"]
[EventDate "1994.08.??"]
[EventType "swiss"]
[EventRounds "9"]
[EventCountry "NED"]
[SourceTitle "EXT 2003"]
[Source "ChessBase"]
[SourceDate "2002.11.25"]
[SourceVersion "1"]
[SourceVersionDate "2002.11.25"]
[SourceQuality "1"]

1. c4 Nf6 2. Nf3 e6 3. g3 b6 4. Bg2 Bb7 5. O-O Be7 6. Nc3 O-O 7. d4 d5 8. Ne5 Na6 9. Qa4 c5 10. cxd5 exd5 11. Be3 Qc8 12. Rac1 Rd8 13. Rfd1 Qe6 14. Nd3 Bd6 15. dxc5 bxc5 16. Nb5 Rac8 17. Qa5 Be7 18. Bxc5 Nxc5 19. Nxc5 Bxc5 20. Rxc5 Qxe2 21. Rdc1 Rb8 22. R5c2 Qh5 23. Qxa7 d4 24. Bxb7 Qxb5 25. Qxb8 Rxb8 26. Rc8+ Ne8 27. Rxb8 g6 28. Rxe8+ Kg7 29. Re7 1-0

[Event "Donner mem op"]
[Site "Amsterdam NED"]
[Date "1994.??.??"]
[Round "6"]
[White "Tyomkin, Dimitri"]
[Black "Happel, Hendrik"]
[Result "1-0"]
[WhiteElo "2310"]
[BlackElo "2250"]
[PlyCount "75"]
[GameId "2129405188581602"]
[EventDate "1994.08.??"]
[EventType "swiss"]
[EventRounds "9"]
[EventCountry "NED"]
[SourceTitle "EXT 2003"]
[Source "ChessBase"]
[SourceDate "2002.11.25"]
[SourceVersion "1"]
[SourceVersionDate "2002.11.25"]
[SourceQuality "1"]

1. d4 Nf6 2. c4 e6 3. Nf3 b6 4. Nc3 Bb4 5. Qc2 Bb7 6. a3 Bxc3+ 7. Qxc3 Ne4 8. Qc2 O-O 9. g3 d5 10. Bg2 Nd7 11. O-O Rc8 12. b3 Qe7 13. Bb2 Rfd8 14. Rac1 c5 15. Rfd1 dxc4 16. Qxc4 Bd5 17. Qd3 Nd6 18. Nd2 Bxg2 19. Kxg2 cxd4 20. Qxd4 Nf5 21. Qf4 Nc5 22. Qf3 Qb7 23. Qxb7 Nxb7 24. Ne4 f6 25. Rxd8+ Rxd8 26. Rc7 Nc5 27. Nxc5 bxc5 28. g4 Nh6 29. g5 Ng4 30. h3 Rd2 31. Bc3 Rc2 32. Rxc5 Ne5 33. gxf6 gxf6 34. Rc7 Ng6 35. Kg3 a6 36. e3 Ra2 37. Bxf6 Rxa3 38. h4 1-0

[Event "Donner mem op"]
[Site "Amsterdam NED"]
[Date "1994.??.??"]
[Round "7"]
[White "Afek, Yochanan"]
[Black "Tyomkin, Dimitri"]
[Result "1-0"]
[WhiteElo "2395"]
[BlackElo "2310"]
[PlyCount "55"]
[GameId "2129405188581607"]
[EventDate "1994.08.??"]
[EventType "swiss"]
[EventRounds "9"]
[EventCountry "NED"]
[SourceTitle "EXT 2003"]
[Source "ChessBase"]
[SourceDate "2002.11.25"]
[SourceVersion "1"]
[SourceVersionDate "2002.11.25"]
[SourceQuality "1"]

1. e4 c5 2. c3 d5 3. exd5 Qxd5 4. d4 e5 5. dxe5 Qxd1+ 6. Kxd1 Nc6 7. f4 Bf5 8. Be3 O-O-O+ 9. Nd2 f6 10. Ngf3 fxe5 11. Nxe5 Nxe5 12. fxe5 Nh6 13. Be2 Nf7 14. Rf1 Be6 15. Bf4 g5 16. Bg3 Bg7 17. Rxf7 Rxd2+ 18. Kxd2 Bxf7 19. Bg4+ Kd8 20. Rd1 Ke7 21. Ke3 Be6 22. Bxe6 Kxe6 23. Ke4 Rf8 24. Rd6+ Ke7 25. h4 Rf1 26. hxg5 Rg1 27. g6 hxg6 28. Bh4+ 1-0

[Event "Beersheba"]
[Site "Beersheba ISR"]
[Date "1994.??.??"]
[Round "?"]
[White "Grinshpun, Eduard"]
[Black "Tyomkin, Dimitri"]
[Result "1-0"]
[WhiteElo "2420"]
[BlackElo "2310"]
[PlyCount "51"]
[GameId "2129405189129308"]
[EventDate "1994.??.??"]
[EventType "tourn"]
[EventRounds "13"]
[EventCountry "ISR"]
[EventCategory "7"]
[SourceTitle "EXT 2004"]
[Source "ChessBase"]
[SourceDate "2003.11.25"]
[SourceVersion "1"]
[SourceVersionDate "2003.11.25"]
[SourceQuality "1"]

1. Nf3 Nf6 2. c4 c5 3. Nc3 e6 4. g3 b6 5. Bg2 Bb7 6. O-O Be7 7. d4 cxd4 8. Qxd4 Nc6 9. Qf4 O-O 10. Rd1 d6 11. b3 Qb8 12. e4 a6 13. Bb2 Rd8 14. Rd2 Ra7 15. Rad1 Ba8 16. e5 dxe5 17. Rxd8+ Bxd8 18. Nxe5 Nxe5 19. Qxe5 Bc7 20. Qd4 Bxg2 21. Kxg2 Qb7+ 22. f3 Ra8 23. Ne4 Ne8 24. Qd7 Rd8 25. Qe7 Qc8 26. Ng5 1-0

[Event "Beersheba"]
[Site "Beersheba ISR"]
[Date "1994.??.??"]
[Round "?"]
[White "Tyomkin, Dimitri"]
[Black "Huzman, Alexander"]
[Result "1/2-1/2"]
[WhiteElo "2310"]
[BlackElo "2575"]
[PlyCount "43"]
[GameId "2129405189129340"]
[EventDate "1994.??.??"]
[EventType "tourn"]
[EventRounds "13"]
[EventCountry "ISR"]
[EventCategory "7"]
[SourceTitle "EXT 2004"]
[Source "ChessBase"]
[SourceDate "2003.11.25"]
[SourceVersion "1"]
[SourceVersionDate "2003.11.25"]
[SourceQuality "1"]

1. d4 g6 2. c4 Bg7 3. Nc3 d6 4. e4 Nf6 5. h3 O-O 6. Bg5 Na6 7. Bd3 e5 8. d5 c6 9. Nge2 Nc5 10. Bc2 a5 11. g4 cxd5 12. cxd5 Bd7 13. a3 a4 14. f3 h6 15. Be3 Nh7 16. h4 f5 17. exf5 gxf5 18. gxf5 Bxf5 19. Bxf5 Rxf5 20. Ng3 Rf4 21. Bxf4 exf4 22. Nf5 1/2-1/2

[Event "Beersheba"]
[Site "Beersheba ISR"]
[Date "1994.??.??"]
[Round "?"]
[White "Tyomkin, Dimitri"]
[Black "Mittelman, Gur"]
[Result "1/2-1/2"]
[WhiteElo "2310"]
[BlackElo "2300"]
[PlyCount "107"]
[GameId "2129405189129341"]
[EventDate "1994.??.??"]
[EventType "tourn"]
[EventRounds "13"]
[EventCountry "ISR"]
[EventCategory "7"]
[SourceTitle "EXT 2004"]
[Source "ChessBase"]
[SourceDate "2003.11.25"]
[SourceVersion "1"]
[SourceVersionDate "2003.11.25"]
[SourceQuality "1"]

1. d4 Nf6 2. Nf3 g6 3. Bg5 Bg7 4. Nbd2 d5 5. e3 O-O 6. Be2 Nbd7 7. h3 Re8 8. Bf4 c5 9. c3 Ne4 10. Nxe4 dxe4 11. Nd2 cxd4 12. exd4 e5 13. dxe5 Nxe5 14. O-O Nd3 15. Bh2 Bf5 16. Nc4 Qg5 17. Bxd3 exd3 18. Nd6 Re2 19. Qb3 Be6 20. c4 Rxb2 21. Qxd3 Rd8 22. Qf3 Qf6 23. Qxf6 Bxf6 24. Rad1 Rxa2 25. Nxb7 Rxd1 26. Rxd1 Bxc4 27. Nd6 Bb3 28. Rb1 a5 29. Ne4 Bd4 30. Bd6 a4 31. Kh2 Rb2 32. Re1 Rc2 33. Nf6+ Kg7 34. Ne8+ Kh6 35. Bf8+ Kg5 36. Be7+ f6 37. Re4 Bxf2 38. Nxf6 Kh6 39. Bf8+ Kg5 40. Nxh7+ Kf5 41. Rb4 Be3 42. Rb5+ Ke4 43. Nf6+ Kd4 44. Bd6 Bc1 45. Rb4+ Rc4 46. Rb5 Rc6 47. Be5+ Kc4 48. Rb8 a3 49. Ng4 Ba4 50. Rb1 Kd3 51. Rb4 Ra6 52. Nf2+ Kc2 53. Rc4+ Kb1 54. Rb4+ 1/2-1/2

[Event "Beersheba"]
[Site "Beersheba ISR"]
[Date "1994.??.??"]
[Round "?"]
[White "Vydeslaver, Alik"]
[Black "Tyomkin, Dimitri"]
[Result "1/2-1/2"]
[WhiteElo "2350"]
[BlackElo "2310"]
[PlyCount "33"]
[GameId "2129405189129346"]
[EventDate "1994.??.??"]
[EventType "tourn"]
[EventRounds "13"]
[EventCountry "ISR"]
[EventCategory "7"]
[SourceTitle "EXT 2004"]
[Source "ChessBase"]
[SourceDate "2003.11.25"]
[SourceVersion "1"]
[SourceVersionDate "2003.11.25"]
[SourceQuality "1"]

1. e4 c5 2. Nf3 e6 3. Nc3 a6 4. d4 cxd4 5. Nxd4 Qc7 6. g3 Nf6 7. Bg2 Be7 8. O-O O-O 9. Re1 d6 10. f4 Rd8 11. Be3 Nc6 12. Qf3 Rb8 13. h3 Nxd4 14. Bxd4 b5 15. e5 dxe5 16. Bxe5 Bd6 17. Rad1 1/2-1/2

[Event "Beersheba"]
[Site "Beersheba ISR"]
[Date "1994.??.??"]
[Round "6"]
[White "Mikhalevski, Victor"]
[Black "Tyomkin, Dimitri"]
[Result "1/2-1/2"]
[WhiteElo "2460"]
[BlackElo "2310"]
[PlyCount "121"]
[GameId "2129405189129347"]
[EventDate "1994.??.??"]
[EventType "tourn"]
[EventRounds "13"]
[EventCountry "ISR"]
[EventCategory "7"]
[SourceTitle "EXT 2004"]
[Source "ChessBase"]
[SourceDate "2003.11.25"]
[SourceVersion "1"]
[SourceVersionDate "2003.11.25"]
[SourceQuality "1"]

1. d4 Nf6 2. c4 e6 3. Nf3 b6 4. Nc3 Bb7 5. a3 d5 6. cxd5 exd5 7. g3 Be7 8. Qa4+ c6 9. Bg2 O-O 10. O-O Na6 11. Ne5 Qe8 12. Rd1 Nc7 13. Nd3 Bd6 14. Bf4 Bxf4 15. Nxf4 Ne6 16. Nxe6 Qxe6 17. Qc2 Rfe8 18. e3 Ne4 19. Rac1 f5 20. Qe2 Re7 21. Qh5 Nxf2 22. Bxd5 cxd5 23. Kxf2 Qxe3+ 24. Kg2 g6 25. Qf3 Qxf3+ 26. Kxf3 Rae8 27. Rd2 Ba6 28. h4 Kf7 29. Kf4 Bc4 30. h5 Kf6 31. hxg6 hxg6 32. Kf3 Re3+ 33. Kg2 g5 34. Rh1 Kg6 35. Rg1 Kh5 36. Nd1 Re2+ 37. Rxe2 Rxe2+ 38. Kf3 g4+ 39. Kf4 Kg6 40. Ne3 Kf6 41. Rg2 Rxg2 42. Nxg2 Bd3 43. Ke3 Be4 44. Nf4 Kf7 45. Ne2 Kf6 46. Nc3 Kg5 47. Ne2 Kf6 48. Kf4 Bd3 49. Nc3 Bc4 50. b4 b5 51. Nd1 Bd3 52. Ke3 Bc4 53. Kf4 Bd3 54. Nc3 Bc4 55. a4 a6 56. a5 Kg6 57. Ke5 Kg5 58. Nd1 Bd3 59. Ne3 Be4 60. Nf1 Bd3 61. Ne3 1/2-1/2

[Event "Ikaria op"]
[Site "Ikaria GRE"]
[Date "1994.??.??"]
[Round "6"]
[White "Tyomkin, Dimitri"]
[Black "Saltaev, Mihail"]
[Result "1/2-1/2"]
[WhiteElo "2310"]
[BlackElo "2485"]
[PlyCount "48"]
[GameId "2129405190491934"]
[EventDate "1994.??.??"]
[EventType "swiss"]
[EventRounds "9"]
[EventCountry "GRE"]
[SourceTitle "EXT 94op"]

1. d4 Nf6 2. c4 c5 3. d5 e5 4. Nc3 d6 5. e4 Be7 6. g3 O-O 7. Bg2 Ne8 8. Nge2 f5 9. O-O g6 10. f4 Nd7 11. Kh1 Ng7 12. Be3 Bf6 13. Qd2 Qe7 14. Rae1 b6 15. Bg1 Kh8 16. exf5 gxf5 17. fxe5 Nxe5 18. b3 Bd7 19. Nf4 Rae8 20. Nd3 a6 21. Nxe5 Bxe5 22. Be3 Qf6 23. Ne2 Nh5 24. Bf3 Qf7 1/2-1/2

[Event "Ikaria op"]
[Site "Ikaria GRE"]
[Date "1994.??.??"]
[Round "7"]
[White "Kalesis, Nikolaos"]
[Black "Tyomkin, Dimitri"]
[Result "1/2-1/2"]
[WhiteElo "2415"]
[BlackElo "2310"]
[PlyCount "83"]
[GameId "2129405190491940"]
[EventDate "1994.??.??"]
[EventType "swiss"]
[EventRounds "9"]
[EventCountry "GRE"]
[SourceTitle "EXT 94op"]

1. e4 c5 2. Nf3 e6 3. d4 cxd4 4. Nxd4 a6 5. Bd3 Qc7 6. O-O Nc6 7. Nxc6 dxc6 8. f4 e5 9. f5 Bc5+ 10. Kh1 Nf6 11. Bg5 b5 12. Nd2 Bb7 13. a4 h6 14. Bh4 Bb6 15. Qe2 Nd7 16. Qg4 Kf8 17. f6 g6 18. Bf2 Bxf2 19. Rxf2 Nc5 20. axb5 cxb5 21. Qg3 Re8 22. b4 Ne6 23. c4 bxc4 24. Bxc4 Kg8 25. h4 Kh7 26. Rff1 Nf4 27. Bxa6 Bxa6 28. Rxa6 Qb7 29. Qb3 Rhf8 30. Rfa1 Qd7 31. Nf1 Qg4 32. Qg3 Qe2 33. Qf3 Qb2 34. g3 Ne6 35. Ra7 Qxb4 36. h5 g5 37. Qf5+ Kh8 38. Qxe5 Nc5 39. Re7 Qxe4+ 40. Qxe4 Nxe4 41. Ra6 Nxf6 42. Rxe8 1/2-1/2

[Event "Ikaria op"]
[Site "Ikaria GRE"]
[Date "1994.??.??"]
[Round "8"]
[White "Tyomkin, Dimitri"]
[Black "Cicak, Slavko"]
[Result "1/2-1/2"]
[WhiteElo "2310"]
[BlackElo "2310"]
[PlyCount "94"]
[GameId "2129405190491955"]
[EventDate "1994.??.??"]
[EventType "swiss"]
[EventRounds "9"]
[EventCountry "GRE"]
[SourceTitle "EXT 94op"]

1. d4 Nf6 2. c4 c5 3. d5 d6 4. Nc3 g6 5. e4 Bg7 6. Bd3 O-O 7. Nf3 e6 8. O-O exd5 9. exd5 Bg4 10. h3 Bxf3 11. Qxf3 Nfd7 12. Bd2 Ne5 13. Qg3 Nxd3 14. Qxd3 Nd7 15. f4 f5 16. Rae1 Bd4+ 17. Kh2 Nf6 18. Re6 a6 19. b4 Re8 20. Rfe1 Qd7 21. Ne2 Rxe6 22. dxe6 Qg7 23. Nxd4 cxd4 24. Bc1 Ne4 25. Bb2 Qf6 26. Bxd4 Qxe6 27. Bb2 Kf7 28. Qd4 Ke7 29. Qb6 Qd7 30. c5 Rc8 31. b5 Rxc5 32. bxa6 Qc6 33. Bf6+ Ke6 34. Qd8 Qd7 35. Qg8+ Qf7 36. Qxf7+ Kxf7 37. Bd4 Ra5 38. axb7 Rb5 39. a4 Rxb7 40. a5 Ke6 41. a6 Rb8 42. a7 Ra8 43. Rb1 Nc5 44. Bxc5 dxc5 45. Rb7 Kd5 46. Rxh7 Ke4 47. Rc7 Kxf4 1/2-1/2

[Event "Beersheba"]
[Site "Beersheba"]
[Date "1994.??.??"]
[Round "?"]
[White "Andrianov, Nikolai Ivanovich"]
[Black "Tyomkin, Dimitri"]
[Result "1/2-1/2"]
[WhiteElo "2435"]
[BlackElo "2310"]
[PlyCount "36"]
[GameId "1166638149169152"]
[EventDate "1994.??.??"]
[EventType "tourn"]
[EventRounds "13"]
[EventCountry "ISR"]
[EventCategory "7"]
[SourceTitle "EXT 2004"]
[Source "ChessBase"]
[SourceDate "2003.11.25"]
[SourceVersion "1"]
[SourceVersionDate "2003.11.25"]
[SourceQuality "1"]

1. d4 d5 2. c4 e6 3. Nf3 c6 4. g3 Nf6 5. Bg2 dxc4 6. O-O Be7 7. Ne5 O-O 8. Nc3 Nd5 9. Nxc4 Nd7 10. e4 Nxc3 11. bxc3 b5 12. Ne3 Nb6 13. f4 c5 14. e5 Rb8 15. f5 cxd4 16. cxd4 exf5 17. Nxf5 Bxf5 18. Rxf5 Qd7 1/2-1/2

[Event "Beersheba"]
[Site "Beersheba"]
[Date "1994.??.??"]
[Round "?"]
[White "Tyomkin, Dimitri"]
[Black "Davies, Nigel Rodney"]
[Result "0-1"]
[WhiteElo "2310"]
[BlackElo "2525"]
[PlyCount "78"]
[GameId "1166638149386240"]
[EventDate "1994.??.??"]
[EventType "tourn"]
[EventRounds "13"]
[EventCountry "ISR"]
[EventCategory "7"]
[SourceTitle "EXT 2004"]
[Source "ChessBase"]
[SourceDate "2003.11.25"]
[SourceVersion "1"]
[SourceVersionDate "2003.11.25"]
[SourceQuality "1"]

1. d4 d5 2. c4 Nc6 3. Nf3 Bg4 4. e3 e6 5. h3 Bh5 6. Be2 Nf6 7. O-O Bd6 8. b3 Ne4 9. Bb2 O-O 10. Nc3 f5 11. Rc1 Nxc3 12. Bxc3 Qf6 13. c5 Bxf3 14. Bxf3 Be7 15. b4 Nd8 16. b5 Nf7 17. Ba5 Rac8 18. Be2 g5 19. f3 Nh8 20. e4 Ng6 21. exd5 exd5 22. Qd2 Nf4 23. Rfe1 Qg7 24. Bf1 Bf6 25. Rcd1 Rce8 26. Bc3 c6 27. bxc6 bxc6 28. Ba1 Ne6 29. g3 Re7 30. Kh1 Rfe8 31. Re2 g4 32. hxg4 fxg4 33. f4 Nxc5 34. Rxe7 Rxe7 35. Qc2 Ne4 36. Rb1 Nxg3+ 37. Kg2 Nxf1 38. Kxf1 Qh6 39. Kg1 Qxf4 0-1

[Event "Beersheba"]
[Site "Beersheba"]
[Date "1994.??.??"]
[Round "?"]
[White "Tyomkin, Dimitri"]
[Black "Godes, Dmitry R"]
[Result "1-0"]
[WhiteElo "2310"]
[BlackElo "2420"]
[PlyCount "79"]
[GameId "1166638149390336"]
[EventDate "1994.??.??"]
[EventType "tourn"]
[EventRounds "13"]
[EventCountry "ISR"]
[EventCategory "7"]
[SourceTitle "EXT 2004"]
[Source "ChessBase"]
[SourceDate "2003.11.25"]
[SourceVersion "1"]
[SourceVersionDate "2003.11.25"]
[SourceQuality "1"]

1. d4 d5 2. Nf3 Nf6 3. Bg5 c6 4. Nbd2 Ne4 5. Bf4 Qb6 6. e3 Nxd2 7. Nxd2 Qxb2 8. Bd3 Qa3 9. O-O e6 10. Rb1 Be7 11. Qg4 g6 12. Be5 O-O 13. h4 Nd7 14. Nf3 f5 15. Qg3 Nxe5 16. Nxe5 Bf6 17. h5 g5 18. Rb3 Qe7 19. c4 Qg7 20. Qh2 Bxe5 21. dxe5 f4 22. exf4 Rxf4 23. g3 Rf7 24. h6 Qxe5 25. Qh5 Qf6 26. f4 g4 27. Re1 dxc4 28. Bxc4 b5 29. Qxg4+ Kh8 30. Bxe6 Rf8 31. Bxc8 Raxc8 32. Re6 Qa1+ 33. Kh2 Qxa2+ 34. Re2 Qa1 35. Rbb2 Rc7 36. Qe6 Qa5 37. Qe5+ Kg8 38. Qg5+ Kh8 39. Ra2 Qb6 40. Re7 1-0

[Event "Beersheba"]
[Site "Beersheba"]
[Date "1994.??.??"]
[Round "?"]
[White "Tyomkin, Dimitri"]
[Black "Gofshtein, Leonid D"]
[Result "0-1"]
[WhiteElo "2310"]
[BlackElo "2525"]
[PlyCount "84"]
[GameId "1166638149394432"]
[EventDate "1994.??.??"]
[EventType "tourn"]
[EventRounds "13"]
[EventCountry "ISR"]
[EventCategory "7"]
[SourceTitle "EXT 2004"]
[Source "ChessBase"]
[SourceDate "2003.11.25"]
[SourceVersion "1"]
[SourceVersionDate "2003.11.25"]
[SourceQuality "1"]

1. d4 d6 2. c4 e5 3. d5 Be7 4. Nc3 Na6 5. e4 Bg5 6. Bd3 Bxc1 7. Rxc1 Nc5 8. Bc2 a5 9. Nge2 h5 10. h4 Nf6 11. Ng3 g6 12. f3 c6 13. Qd2 cxd5 14. cxd5 Bd7 15. a3 O-O 16. Nf1 b5 17. b4 axb4 18. axb4 Na4 19. Ne3 Nxc3 20. Qxc3 Qb6 21. Ke2 Rfc8 22. Qd2 Ra3 23. Bd3 Rca8 24. Rc3 Ra2 25. Rc2 R2a4 26. Rb1 Ne8 27. Rcc1 Ng7 28. g3 Ra2 29. Rc2 Rxc2 30. Nxc2 f5 31. Ra1 Rxa1 32. Nxa1 fxe4 33. Bxe4 Nf5 34. Bxf5 Bxf5 35. Qe3 Qb7 36. Qg5 Qxd5 37. Qd8+ Kf7 38. Qc7+ Ke8 39. Qb8+ Kd7 40. Qa7+ Ke6 41. Qa3 Qc4+ 42. Ke1 Qd4 0-1

[Event "Ikaria op"]
[Site "Ikaria"]
[Date "1994.??.??"]
[Round "4"]
[White "Georgiou, Antonios"]
[Black "Tyomkin, Dimitri"]
[Result "0-1"]
[WhiteElo "2205"]
[BlackElo "2310"]
[PlyCount "70"]
[GameId "1166638273892352"]
[EventDate "1994.??.??"]
[EventType "swiss"]
[EventRounds "9"]
[EventCountry "GRE"]
[SourceTitle "EXT 1997"]
[Source "ChessBase"]
[SourceDate "1996.11.15"]
[SourceVersion "1"]
[SourceVersionDate "1996.11.15"]
[SourceQuality "1"]

1. d4 d5 2. Nf3 c6 3. c3 Nf6 4. Bf4 Bg4 5. Nbd2 e6 6. e3 Bd6 7. Bxd6 Qxd6 8. Qb3 Nbd7 9. Bd3 O-O 10. O-O c5 11. Qa3 Qc7 12. Rac1 b6 13. Rfe1 Bxf3 14. Nxf3 e5 15. dxe5 Nxe5 16. Nxe5 Qxe5 17. h3 Rfd8 18. Qa4 g6 19. Qh4 Kg7 20. Rcd1 Rd6 21. Qf4 Qe6 22. Bc2 Rad8 23. a3 Ne4 24. h4 f5 25. g3 h6 26. Kg2 c4 27. Qf3 Qf6 28. Bxe4 dxe4 29. Qe2 Rd3 30. Rxd3 Rxd3 31. Rd1 Qc6 32. Qc2 Qd7 33. Re1 Rd2 34. Qb1 Qd3 35. Rf1 Qxe3 0-1

[Event "Rishon Le Ziyyon YM-IM"]
[Site "Rishon Le Ziyyon"]
[Date "1995.??.??"]
[Round "1"]
[White "Kantsler, Boris"]
[Black "Tyomkin, Dimitri"]
[Result "1-0"]
[WhiteElo "2430"]
[BlackElo "2320"]
[PlyCount "60"]
[GameId "1166638942973952"]
[EventDate "1995.??.??"]
[EventType "tourn"]
[EventRounds "11"]
[EventCountry "ISR"]
[EventCategory "4"]
[SourceTitle "EXT 1997"]
[Source "ChessBase"]
[SourceDate "1996.11.15"]
[SourceVersion "1"]
[SourceVersionDate "1996.11.15"]
[SourceQuality "1"]

1. d4 d5 2. c4 e6 3. Nf3 c6 4. Qc2 Nf6 5. Bg5 Nbd7 6. cxd5 exd5 7. Nc3 Be7 8. e3 O-O 9. Bd3 Re8 10. h3 Nf8 11. Bf4 Bd6 12. Bxd6 Qxd6 13. O-O Qe7 14. Rab1 a5 15. a3 Ng6 16. b4 axb4 17. axb4 Ne4 18. b5 Bf5 19. bxc6 bxc6 20. Rb6 Rac8 21. Rc1 h6 22. Ba6 Nd6 23. Qa4 Bd7 24. Bxc8 Rxc8 25. Qb4 Qe6 26. Rb8 Qf6 27. Rxc8+ Bxc8 28. Qb8 Kh7 29. Qc7 Ne7 30. Ne5 Ne8 1-0